000 00770cam a2200277 4500
001 1715737
003 OSt
005 20140310182242.0
008 740328t19721943nyua j 000 1 eng
010 _a 72077109
020 _a0448095203
040 _aDLC
_cDLC
_dDLC
042 _alcac
050 0 0 _aPZ 7
_b.K23 1943
082 0 0 _aFIC
_bK25c 1972
100 1 _aKeene, Carolyn.
_94653
245 1 4 _aThe clue in the jewel box.
_c/ Carolyn Keene.
260 _aNew York,
_bGrosset & Dunlap
_cc1943
300 _a181 p.
_billus.
_c20 cm.
350 _a$1.50
490 0 _aHer Nancy Drew mystery stories, 20
650 1 _aMystery and detective stories.
_93790
906 _a7
_bcbc
_corignew
_d2
_eopcn
_f19
_gy-gencatlg
942 _2lcc
_cFIC
_kFIC
999 _c11168
_d11168